000 00354nam a22001337a 4500
003 OSt
005 20120302150503.0
008 090709t xxu||||| |||| 00| 0 eng d
035 _a६००२
040 _cमराठी
100 _aजावडेकर, सुबोध
_97326
245 _aहसरं विज्ञान
942 _2ddc
_cBOOK
999 _c492264
_d492261